MARC

LEADER 00000nam0a2200000 4500
001 340290
005 20231102005225.0
010 |a 9787544641814 
035 |a (RuTPU)RU\TPU\book\367038 
090 |a 340290 
100 |a 20180313d2016 m y0rusy50 ca 
101 0 |a chi  |a rus 
102 |a CN 
105 |a y j 000zy 
200 1 |a Тесты по русскому языку. Уровень 8-ой (2010-2015)  |e учебное пособие  |f Т. А. Милехина, А. И. Дьяченко  |g гл. ред. Ван Ли Чунг 
210 |a Шанхай  |c Шанхайское изд-во иностранных языков  |d 2016 
215 |a 205 с. 
606 1 |a Русский язык  |x Для других народов  |x Учебные руководства и пособия  |2 stltpush  |3 (RuTPU)RU\TPU\subj\26400  |9 50340 
610 1 |a русский язык как иностранный 
610 1 |a русский язык для иностранцев 
610 1 |a тесты 
610 1 |a тестирование 
610 1 |a сертификаты 
610 1 |a китайский язык 
610 1 |a лексика 
610 1 |a грамматика 
610 1 |a аудирование 
610 1 |a чтение 
610 1 |a письмо 
610 1 |a переводы 
610 1 |a устная речь 
610 1 |a упражнения 
686 |a Ш141.2-96  |v LBC/SL-A  |2 rubbk 
700 1 |a Милехина  |b Т. А. 
701 1 |a Дьяченко  |b А. И. 
702 0 |a Ван Ли Чунг  |4 651 
801 1 |a RU  |b 63413507  |c 20180313 
801 2 |a RU  |b 63413507  |c 20180330  |g RCR 
942 |c BK